00504nam a2200193 a 4500001001300000003000900013005001700022008004100039020000900080082001600089100002400105245002900129260003600158300000900194500003500203505002700238650002100265700002400286nice12345678IN_TiNIC20260116011757.0050524s0000 dela grp 000 0 urd  ac1000a297.4bNIZ4 aNizamuddin Shaikh,  aFawad Al-Fuad (malfuzat) aDelhibKutub Khana Aziziac0000 a472p aincludes index and biblioraphy2 a4 parts bound together aSufism-Malfoozat1 aNizamuddin Shaikh,